[Event "Recife JEBS op"]
[Site "Recife"]
[Date "2024.09.28"]
[Round "2"]
[White "Vieira, Ivo Rizzo"]
[Black "Falcao, Danilo Jose Ferreir"]
[Result "0-1"]
[WhiteElo "1775"]
[BlackElo "1665"]
[PlyCount "45"]
[EventDate "2024.09.28"]
[EventType "swiss"]
[EventRounds "6"]
[EventCountry "BRA"]
[SourceTitle "EXT 2025"]
[Source "ChessBase"]
[SourceDate "2024.10.14"]
[SourceVersion "1"]
[SourceVersionDate "2024.10.14"]
[SourceQuality "1"]

1. e4 c5 2. Nf3 Nc6 3. d4 cxd4 4. Nxd4 e6 5. Nc3 Nf6 6. Be2 Bb4 7. Bg5 h6 8. Bxf6 Qxf6 9. Ndb5 0-0 10. a3 Ba5 11. Qd2 d5 12. b4 Bb6 13. 0-0 a6 14. Nd6 Bd4 15. Rad1 Bxc3 16. Qd3 Rd8 17. Nxc8 Raxc8 18. exd5 Be5 19. c3 Rxd5 20. Qc2 Nd4 21. Qa2 Nxe2+ 22. Qxe2 Rcd8 23. Rc1 0-1